Calcul mental : Multiplications / Divisions - Statistiques

Statistiques générales
  • Ce quiz a été pris 148 fois
  • Le résultat moyen est 17 sur 40
Statistiques - réponses
Calcul Réponse % Correct
2. 15 x 4 = 60
100%
1. 9 x 13 = 117
92%
5. 8 ÷ 4 = 2
91%
6. 99 ÷ 11 = 9
84%
7. 54 x 3 = 162
79%
8. 75 ÷ 5 = 15
77%
3. 81 ÷ 3 = 27
74%
10. 18 × 4 = 72
72%
11. 75 ÷ 3 = 25
71%
9. 13 x 7 = 91
69%
12. 72 ÷ 8 = 9
67%
17. 121 ÷ 11 = 11
58%
15. 120 ÷ 6 = 20
57%
14. 17 x 5 = 85
56%
22. 160 ÷ 10 = 16
53%
16. 15 × 7 = 105
49%
18. 132 ÷ 11 = 12
49%
13. 144 ÷ 9 = 16
44%
4. 17 x 18 = 306
43%
19. 19 × 6 = 114
42%
20. 135 ÷ 5 = 27
38%
23. 14 × 9 = 126
34%
21. 17 × 8 = 136
32%
29. 21 × 5 = 105
28%
35. 25 × 4 = 100
27%
24. 108 ÷ 6 = 18
25%
30. 180 ÷ 9 = 20
25%
27. 16 × 11 = 176
24%
25. 13 × 12 = 156
23%
33. 22 × 6 = 132
21%
39. 19 × 9 = 171
19%
38. 24 × 6 = 144
15%
26. 168 ÷ 12 = 14
14%
31. 18 × 7 = 126
13%
37. 19 × 9 = 171
13%
34. 156 ÷ 12 = 13
12%
28. 126 ÷ 6 = 21
11%
40. 168 ÷ 7 = 24
10%
32. 132 ÷ 4 = 33
10%
36. 192 ÷ 8 = 24
9%
Aucun quiz correspondant
Distribution des résultats
% des personnes avec chaque résultat
Percentile par nombre de réponses
Votre historique - résultats
Vous n’avez pas pris ce quiz